000
00257nam a2200109Ia 4500
008
190216s9999||||xx |||||||||||||| ||und||
100
_a
N D V Prasad Rao
245
2
_a
A Practical English Course
260
_b
Null
650
_a
English Language
942
_c
BK
999
_c
12190
_d
12190